Statistiques concernant Nommez les power ranger jaune

Cliquez ici pour prendre le quiz!

Statistiques générales

  • Ce quiz a été pris 8 fois
  • Le résultat moyen est 18 sur 22

Statistiques - réponses

HintRéponse% Correct
2 ranger jaune dans mighty morphinaisha campbell
100%
ranger jaune de force cyclonedustin brooks
100%
ranger jaune de sauvetage éclairkelsey winslow
100%
ranger jaune de dino tonnerrekira ford
100%
ranger jaune dans l'autre galaxiemaya
100%
ranger jaune dans l'alientideus
100%
1 ranger jaune dans mighty morphintrini kwan
100%
ranger jaune de spdz delgado
100%
ranger jaune dans l'espaceashley hammond
83%
2 ranger jaune dans turboashley hammond
83%
ranger jaune de force du tempskatie walker
83%
1 ranger jaune dans turbotanya sloan
83%
ranger jaune dans zeotanya sloan
83%
ranger jaune de force animaletaylor earhart
83%
ranger jaune dans ninja steelcalvin maxwell
67%
ranger jaune de force mystiquechip thorn
67%
ranger jaune dans samuraiemily Henson
67%
ranger jaune dans megaforcegia moran
67%
ranger jaune dans jungle furylily chilman
67%
ranger jaune dans operation overdriveronny robinson
67%
ranger jaune dans beast morpherszoey reeves
67%
ranger jaune dans rpmsummer landsdown
50%

Distribution des résultats

Percentile par nombre de réponses

% des personnes avec chaque résultat

Votre développement - résultats

Vous n’avez pas pris ce quiz